La piedra angular / (Registro nro. 10303)

Detalles MARC
000 -LIDER
fixed length control field 00948nam a2200325 c 4500
001 - NÚMERO DE CONTROL
Identificador de número de control 332173
003 - IDENTIFICACDOR DE NÚMERO DE CONTROL
control field DO-SdBNP
005 - DATE AND TIME OF LATEST TRANSACTION
control field 20180202104031.0
007 - CAMPOS FIJOS DE DESCRIPCIÓN FÍSICA
fixed length control field 332173
008 - ELEMENTOS DE LONGITUD FIJA
fixed length control field 130321s1985 sp | |||| 000 1 spa
015 ## - NÚMERO DENTRO DE LA BIBLIOGRAFÍA NACIONAL
National bibliography number
017 ## - NÚMERO DE REGISTRO DE DERECHOS DE AUTOR
Copyright or legal deposit number
Assigning agency
020 ## - ISBN
International Standard Book Number 8475252915
035 ## - NÚMERO LOCAL
System control number
040 ## - FUENTE DE CATALOGACIÓN
Agencia que crea de manera original el registro BPMSU
Idioma de catalogación spa
Agencia que realiza la transcripción BPMSU
Convenciones de la despripción
080 ## - NÚMERO DE CLASIFICACIÓN DECIMAL UNIVERSAL
Universal Decimal Classification number
100 1# - ASIENTO PRINCIPAL -- NOMBRE PERSONAL
Nombre personal Pardo Bazán, Emilia,
Títulos u otras palabras asociadas con el nombre Condesa de
Fechas asociadas con el nombre 1851-1921
245 13 - MENCIÓN DE TITULO
Título La piedra angular /
Mención de responsabilidad Emilia Pardo Bazán ; edición de Begoña González y Constantino Quintela : ilustración Javier Serrano
250 ## - MENCIÓN DE EDICION
Mención de edición
260 ## - PUBLICACIÓN, DISTRIBUCIÓN, ETC. (PIE DE IMPRENTA)
Lugar de publicación, distribución, etc Madrid :
Nombre del editor, distribuidor, etc. Ediciones Generales Anaya,
Fecha de publicación, distribución, etc 1985
300 ## - DESCRIPCIÓN FÍSICA
Extensión 224 p. :
Dimensiones 21 cm
490 0# - MENCIÓN DE SERIES
Mención de serie Tus libros
Volume/sequential designation 65
650 ## - ENCABEZAMIENTO DE MATERIA--TEMÁTICO
Término temático o nombre geográfico como elemento de entrada Novela española.
700 1# - ASIENTO SECUNDARIO -- NOMBRE PERSONAL
Nombre personal gonzález, Begoña
Fechas asociadas con el nombre ed.
700 1# - ASIENTO SECUNDARIO -- NOMBRE PERSONAL
Nombre personal Serrano, Javier
Mención de responsabilidad il.
830 #0 - ASIENTO SECUNDARIO DE SERIE--TÍTULO UNIFORME
Título uniforme Tus libros
Número de la parte o sección de una obra 65
942 ## - ADDED ENTRY ELEMENTS (KOHA)
Source of classification or shelving scheme Dewey Decimal Classification
Koha item type Libros
945 ## - INFORMACIÓN DE PROCESAMIENTO LOCAL
Información de procesamiento local Inventariado, 2018/ YL
956 ## - LOCAL ELECTRONIC LOCATION AND ACCESS (OCLC)
Nombre de host VMATEO
Número de acceso 10
Información de compresión 20160608
Trayectoria BPMSU
Nombre Electrónico 0069
Existencias
Withdrawn status Lost status Source of classification or shelving scheme Damaged status Not for loan Collection code Home library Current library Date acquired Source of acquisition Total Checkouts Barcode Date last seen Price effective from Koha item type
    Dewey Decimal Classification     Colección General Biblioteca Pública Metropolitana Salomé Ureña Biblioteca Pública Metropolitana Salomé Ureña 06/08/2016 FUNDI   BPMSU16060092 06/08/2016 06/08/2016 Libros